000 01292nam a2200337Ia 4500
001 ebr10135456
003 CaPaEBR
006 m u
007 cr cn|||||||||
008 030520s2003 nyu sbi 001 0 eng d
010 _z 2003049866
020 _z1403978441
020 _z1403963754
040 _aCaPaEBR
_cCaPaEBR
035 _a(OCoLC)560462460
050 1 4 _aDS775.7
_b.S53 2003eb
082 0 4 _a320.951
_221
100 1 _aShi, Zhiyu,
_d1958-
245 1 0 _aNavigating sovereignty
_h[electronic resource] :
_bworld politics lost in China /
_cby Chih-yu Shih.
246 3 0 _aWorld politics lost in China
260 _aNew York :
_bPalgrave Macmillan,
_c2003.
300 _axii, 217 p.
504 _aIncludes bibliographical references and index.
533 _aElectronic reproduction.
_bPalo Alto, Calif. :
_cebrary,
_d2009.
_nAvailable via World Wide Web.
_nAccess may be limited to ebrary affiliated libraries.
650 0 _aNationalism
_zChina.
651 0 _aChina
_xPolitics and government
_y20th century.
651 0 _aChina
_xForeign relations
_y20th century.
655 7 _aElectronic books.
_2local
710 2 _aebrary, Inc.
856 4 0 _uhttp://site.ebrary.com/lib/rucke/Doc?id=10135456
_zAn electronic book accessible through the World Wide Web; click to view
999 _c187843
_d187843